Statistics for Sudan Bordering Countries 1993-2011

Click here to take the quiz!

General Stats

  • This quiz has been taken 20 times
  • The average score is 9 of 9

Answer Stats

Country% Correct
Central African
Republic
100%
Egypt
100%
Chad
95%
D.R. Congo
95%
Eritrea
95%
Ethiopia
95%
Libya
95%
Kenya
90%
Uganda
85%

Score Distribution

Percentile by Number Answered

Percent of People with Each Score

Your Score History

You have not taken this quiz